000 01785cam a22004337a 4500
001 9392781
003 OSt
005 20211122095446.0
006 m d
007 cr n
008 101004s2010 gw a sb 001 0 eng d
020 _a9783642169038 (hdbk. : acidfree paper)
035 _a(WaSeSS)ssj0000610761
038 _aKhadija
040 _aBTCTA
_beng
_cBTCTA
_dYDXCP
_dBWX
_dEMU
_dMUU
_dCWI
_dOHX
_dDLC
_dWaSeSS
042 _alccopycat
050 4 _aQ325
_b.V47 2010
072 7 _aTJ
_2lcco
082 0 4 _a629.892
_222
_bVER
100 1 _aVernon, David,
_d1958-
_984813
210 1 0 _aA roadmap for cognitive development in humanoid robots
245 1 2 _aA roadmap for cognitive development in humanoid robots /
_cDavid Vernon, Claes von Hofsten and Luciano Fadiga.
260 _aBerlin :
_bSpringer,
_cc2010.
490 1 _aCognitive systems monographs ;
_vv. 11
500 _a"This book is based on the results of the RobotCub research project, the goal of which was to develop the iCub, an open and widely-adopted humanoid robot for cognitive systems research"--p. [ix].
504 _aIncludes bibliographical references (p. 199-218) and index.
506 _aLicense restrictions may limit access.
563 _aHB
650 0 _aCognition
_xComputer simulation.
_984814
650 0 _aCognition.
_984815
650 0 _aConscious automata.
_984816
700 1 _aHofsten, Claes von.
_984817
700 1 _aFadiga, Luciano.
_984818
773 0 _tSpringerLink ebooks - Engineering (2011)
830 0 _aCognitive systems monographs ;
_vv. 11.
_984819
856 4 0 _uhttp://www.columbia.edu/cgi-bin/cul/resolve?clio9392781
_zFull text available from SpringerLink ebooks - Engineering (2011)
910 _aLibrary of Congress record
942 _2ddc
_cBK
999 _c32895
_d32895